Normal view
MARC view
- العلوم عند العرب-الفلسفة العربية
Entry Topical Term
001 - CONTROL NUMBER
- control field: 59411
003 - CONTROL NUMBER IDENTIFIER
- control field: JO-AjAnu
005 - DATE AND TIME OF LATEST TRANSACTION
- control field: 20230606083721.0
008 - FIXED-LENGTH DATA ELEMENTS
- fixed length control field: 230606|| aca||aabn | a|a d
040 ## - CATALOGING SOURCE
- Original cataloging agency: JO-AjAnu
- Transcribing agency: JO-AjAnu
150 ## - HEADING--TOPICAL TERM
- Topical term or geographic name entry element: العلوم عند العرب-الفلسفة العربية
670 ## - SOURCE DATA FOUND
- Source citation: Work cat.: (JO-AjAnu)30301: تاليف فرووخ، عمر 1906-1987, author 59410, عبقرية العرب في العلم والفلسفة